| 000 | 00785nas a2200265 4500 | ||
|---|---|---|---|
| 001 | BR9502229 | ||
| 003 | BR-BrBNA | ||
| 005 | 20231205094321.0 | ||
| 007 | ta | ||
| 008 | 230509b bl.|||p| |||| 00| 00por d | ||
| 040 |
_aBR-BrBNA _bpor _cBiblioteca Nacional de Agricultura |
||
| 041 | _a(En) | ||
| 072 | _aL50; L52 | ||
| 100 | 1 | _aGremski, W. | |
| 100 | 1 | _aGrzybowski, A.J. | |
| 100 | 1 | _aQuintilhan, M.C.T. | |
| 100 | 1 | _aHartmann, I. | |
| 245 | 1 | _aScanning electron microscopy of rat embryonic submandibular gland | |
| 650 | _aRato | ||
| 650 | _aMicroscopia Otica | ||
| 650 | _aEmbriao | ||
| 773 | 0 |
_tActa Biologica Paranaense (Brazil) _xISSN 0301-2123 _g(Jan-Dec 1991), v.20 (1-4) p. 167-176 _wBR9502229 |
|
| 909 |
_a202311 _bLúcia _c55 _dLúcia Elande |
||
| 942 |
_2AGRIS _n0 _cANA |
||
| 999 |
_c143533 _d143533 |
||